| 000 | 00959nam a2200313 c 4500 | ||
|---|---|---|---|
| 001 | 2512 | ||
| 003 | ES-MaCES | ||
| 005 | 20180322142106.0 | ||
| 008 | 941202s1991 sp ||| | spa d | ||
| 017 |
_aVA-608/91 _bDL |
||
| 020 | _a8487699197 | ||
| 035 | _aCES19980025322m | ||
| 040 |
_aES-MaCES _bspa _cES-MaCES |
||
| 100 | 1 |
_97303 _aBaylos Grau, Antonio |
|
| 245 | 1 | 0 |
_aDerecho del trabajo _b: modelo para armar _cAntonio Baylos |
| 260 |
_aMadrid _bTrotta _cD.L. 1991 |
||
| 300 |
_a158 p. _c23 cm |
||
| 490 | 1 | _aColección Estructuras y procesos. Serie Derecho | |
| 500 | _aÍndice | ||
| 504 | _aBibliografía: p. 153-156 | ||
| 541 | _cCompra | ||
| 650 | 4 |
_aderecho del trabajo _927165 |
|
| 650 | 4 |
_aEspaña _926964 |
|
| 653 | 1 | 0 | _aDerecho del trabajo y Seguridad Social |
| 830 | 0 |
_aColección Estructuras y procesos _pSerie Derecho _932130 |
|
| 902 | _aLIB Libro | ||
| 942 |
_2CES _cBK _h6.0.1. |
||
| 999 |
_c2512 _d2512 |
||